| 000 | 00440nam a2200169 a 4500 | ||
|---|---|---|---|
| 001 | 28997 | ||
| 005 | 20180713231956.0 | ||
| 008 | 140415s1987 mx 000 0 spa d | ||
| 041 | _aspa | ||
| 082 |
_a255.53092 _bBUT |
||
| 100 | 1 | _aBUTERA, LUIS | |
| 245 | 1 | 3 |
_aUN MARTIR ALEGRE : _bVIDA DEL PADRE MIGUEL PRO |
| 250 | _a1a ed. | ||
| 260 |
_aMEXICO : _bEDISEPA, _c1987 |
||
| 300 |
_a207 _c10 x 1 x 14 |
||
| 650 | 1 | 4 | _aRELIGION |
| 999 |
_c28997 _d28997 |
||